Guía para extender la tarjeta de identidad, según las lecciones dadas en la Escuela de Policía de Madrid / (Record no. 109480)

MARC details
000 -LEADER
campo de control de longitud fija 00739nam a2200193 i 4500
001 - NÚMERO DE CONTROL
campo de control 109480
003 - IDENTIFICADOR DE NÚMERO DE CONTROL
campo de control ES-MaACL
005 - FECHA Y HORA DE LA ÚLTIMA TRANSACCIÓN
campo de control 20250811063142.0
007 - CAMPO FIJO DE DESCRIPCIÓN FÍSICA--INFORMACIÓN GENERAL
campo de control de longitud fija t|
008 - DATOS DE LONGITUD FIJA--INFORMACIÓN GENERAL
campo de control de longitud fija 061121s1909 sp r ||||1| spa d
100 1# - ENTRADA PRINCIPAL--NOMBRE DE PERSONA
Nombre de persona Olóriz Aguilera, Federico,
Fechas asociadas al nombre 1855-1912
9 (RLIN) 87005
245 10 - MENCIÓN DEL TÍTULO
Título Guía para extender la tarjeta de identidad, según las lecciones dadas en la Escuela de Policía de Madrid /
Mención de responsabilidad, etc. por F. Olóriz Aguilera.
260 ## - PUBLICACIÓN, DISTRIBUCIÓN, ETC.
Lugar de publicación, distribución, etc. Madrid :
Nombre del editor, distribuidor, etc. [s.n.],
Fecha de publicación, distribución, etc. 1909 (
Fabricante Imp. de los Hijos de M.G. Hernández)
300 ## - DESCRIPCIÓN FÍSICA
Extensión 138 p. :
Otras características físicas il. ;
Dimensiones 16 cm.
650 #4 - PUNTO DE ACCESO ADICIONAL DE MATERIA--TÉRMINO DE MATERIA
Término de materia o nombre geográfico como elemento de entrada Documentos de identidad-
Subdivisión geográfica España.
9 (RLIN) 154216
650 #4 - PUNTO DE ACCESO ADICIONAL DE MATERIA--TÉRMINO DE MATERIA
Término de materia o nombre geográfico como elemento de entrada Dactiloscopia.
9 (RLIN) 151776
852 ## - LOCALIZACIÓN
Ubicación ES-MaACL
Número de control de estantería T-285-F-1
Nota libre .- Ded. manuscrita del autor
Holdings
Estatus retirado Estado de pérdida Estado de daño No para préstamo Colección Biblioteca de origen Biblioteca actual Ubicación en estantería Fecha de adquisición Fuente de adquisición Total de préstamos Signatura topográfica completa Código de barras Visto por última vez Precio de reemplazo Tipo de ítem Koha
        Colección de folletos Biblioteca del Ateneo de Madrid Biblioteca del Ateneo de Madrid Depósito folletos 17/01/2008     T-285-F-1 1114232 23/02/2023 23/02/2023 Folleto